| 000 | 00541nam a2200181Ia 4500 | ||
|---|---|---|---|
| 008 | 151018s9999 xx 000 0 und d | ||
| 082 |
_bRBASDV9896 _a920 |
||
| 100 | _aम स पारखे | ||
| 245 | _aजीवनाची वाटचाल | ||
| 250 | _b1 | ||
| 260 |
_bमोडकर ज.आ. _c1972 |
||
| 300 | _a224 | ||
| 600 | _aम स पारखे | ||
| 630 | _aजीवनाची वाटचाल | ||
| 700 | _aम स पारखे | ||
| 730 | _aजीवनाची वाटचाल | ||
| 942 | _cBOOK | ||
| 999 |
_c1012258 _d1012255 |
||